000 00821nam a22002897a 4500
001 0014177
003 KOHA_MİRAKIL
005 20260207001945.0
007 ta
008 100225b2005 tu |||gr||||#0|||1|tur |
020 _a9759890267
040 _aTR-BiSEU
_btur
_cTR-BiSEU
_erda
041 0 _atur
044 _ctu
050 _aPE1112.I54
_bG86 2005
100 1 _aGüneş, Mustafa.
245 1 _aCorrect your english grammar with key/
_cMustafa Güneş ; Mustafa Güneş; edited by Fuat Altunkaya.
250 _a3rd Edition
264 1 _a[y.y.] :
_bSpring Publications
_c2005
300 _a249 pages; 21 cm.
336 _ametin
_btxt
_2rdacontent
337 _aaracısız
_bn
_2rdamedia
338 _acilt
_bnc
_2rdacarrier
650 0 _aİngilizce gramer.
_933180
907 _aDil
942 _2lcc
_cBK
999 _c14140
_d14140